| 000 | 00965cam a22003015a 4500 | ||
|---|---|---|---|
| 001 | 015844887 | ||
| 003 | OSt | ||
| 005 | 20201128023720.0 | ||
| 008 | 111221s2012 nyua frb 001 0 eng d | ||
| 020 | _a9780071086042 (pbk.) | ||
| 020 | _a0071086048 (pbk.) | ||
| 040 |
_aStDuBDS _beng _cStDuBDS _dUk _dEG-ScBUE |
||
| 082 | 0 | 4 |
_a621 _222 _bALC |
| 100 | 1 |
_aAlciatore, David G. _92629 |
|
| 245 | 1 | 0 |
_aIntroduction to mechatronics and measurement systems / _cDavid G. Alciatore, Michael B. Histand. |
| 250 | _a4th ed., McGraw-Hill international ed. | ||
| 260 |
_aNew York : _bMcGraw-Hill, _c2012. |
||
| 300 |
_axv, 553 p. : _bill. ; _c24 cm. |
||
| 500 | _aPrevious ed. : 2007. | ||
| 500 | _aIndex : p. 545-553. | ||
| 504 | _aIncludes bibliographical references. | ||
| 650 | 7 |
_aMechatronics. _2BUEsh _92630 |
|
| 650 | 7 |
_aMeasurement. _96915 |
|
| 653 |
_bENGMEC _cApril2016 |
||
| 655 |
_vReading book _934232 |
||
| 700 | 1 |
_aHistand, Michael B. _92632 |
|
| 942 | _2ddc | ||
| 999 |
_c21602 _d21574 |
||